[Event "SVK 3.liga A2"]
[Site "?"]
[Date "2020.01.19"]
[Round "7.3"]
[White "Vodicka, Michal"]
[Black "Spacek, Oliver"]
[Result "0-1"]
[WhiteElo "1865"]
[BlackElo "2210"]
[PlyCount "64"]
[EventDate "2019.10.06"]

1. e4 c5 2. Nf3 a6 3. d4 cxd4 4. c3 dxc3 5. Nxc3 d6 6. Bc4 e6 7. Qe2 Ne7 8. O-O
Ng6 9. Rd1 Be7 10. Be3 b5 11. Bb3 Nc6 12. Rac1 Bd7 13. Nd4 Rc8 14. f4 Nxd4 15.
Bxd4 Nxf4 16. Qf2 Bg5 17. Be3 Qf6 18. Rxd6 Rc6 19. Rcd1 Rxd6 20. Rxd6 Qe5 21.
Rxa6 O-O 22. Bd4 Qb8 23. Bc5 Nd3 24. Qd4 Nxc5 25. Qxc5 Qf4 26. Rd6 Rc8 27. Qd4
Be8 28. Ne2 Qg4 29. Qd3 Be7 30. Ra6 Bc6 31. Rxc6 Rxc6 32. Qd7 Qxe2 0-1

[Event "SVK 3.liga A2"]
[Site "?"]
[Date "2020.01.19"]
[Round "7.3"]
[White "Gzib, David"]
[Black "Podjavorinsky, Michal"]
[Result "0-1"]
[WhiteElo "2023"]
[BlackElo "1979"]
[PlyCount "96"]
[EventDate "2019.10.06"]

1. e4 c5 2. Nf3 e6 3. d4 cxd4 4. Nxd4 Nc6 5. Nc3 a6 6. a3 Qc7 7. Be3 Nxd4 8.
Qxd4 Ne7 9. Be2 Nc6 10. Qd2 Be7 11. O-O O-O 12. f4 b5 13. Bf3 Na5 14. b3 Bc5
15. Bxc5 Qxc5+ 16. Kh1 Bb7 17. e5 Rac8 18. Bxb7 Nxb7 19. Rf3 d5 20. exd6 Nxd6
21. Rd3 Nf5 22. b4 Qc4 23. Rc1 g6 24. Ne2 Qc7 25. Ng3 Nxg3+ 26. hxg3 Rfd8 27.
Rxd8+ Rxd8 28. Qe3 Rc8 29. c3 Qd6 30. Qe2 Qd5 31. Qc2 Rd8 32. c4 bxc4 33. Qxc4
Qxc4 34. Rxc4 Rd3 35. a4 Rxg3 36. Rc6 Rb3 37. Rxa6 Rxb4 38. Ra8+ Kg7 39. g3 Rb2
40. a5 Kf6 41. a6 Ra2 42. g4 h5 43. f5 hxg4 44. fxe6 Kxe6 45. Re8+ Kf6 46. Ra8
Kg5 47. Rf8 f5 48. Ra8 Kf4 0-1

[Event "SVK 3.liga A2"]
[Site "?"]
[Date "2020.01.19"]
[Round "7.3"]
[White "Siska, Kristof"]
[Black "Ocko, Martin"]
[Result "0-1"]
[WhiteElo "1797"]
[BlackElo "2054"]
[PlyCount "54"]
[EventDate "2019.10.06"]

1. e4 c5 2. Nc3 Nc6 3. f4 g6 4. Nf3 Bg7 5. Bc4 d6 6. O-O a6 7. a4 e6 8. d3 Nge7
9. Qe1 O-O 10. Qh4 d5 11. Ba2 dxe4 12. dxe4 Nd4 13. f5 Nxf3+ 14. Rxf3 exf5 15.
Bg5 Qd4+ 16. Be3 Qd6 17. Rd1 Bd4 18. e5 Qxe5 19. Bxd4 cxd4 20. Re1 Qd6 21. Rxe7
dxc3 22. Rd3 Qb6+ 23. Kf1 cxb2 24. Bxf7+ Rxf7 25. Re8+ Kg7 26. Qc4 b1=Q+ 27.
Ke2 Q1b4 0-1

[Event "SVK 3.liga A2"]
[Site "?"]
[Date "2020.01.19"]
[Round "7.3"]
[White "Pericka, Tomas"]
[Black "Strapko, Tomas"]
[Result "1-0"]
[WhiteElo "1944"]
[BlackElo "1874"]
[PlyCount "99"]
[EventDate "2019.10.06"]

1. e4 c5 2. Nf3 Nc6 3. Bb5 g6 4. O-O Bg7 5. c3 Nf6 6. Re1 O-O 7. d4 cxd4 8.
cxd4 d6 9. h3 a6 10. Ba4 b5 11. Bb3 Na5 12. Bc2 Bb7 13. b3 Nc6 14. Nbd2 Rc8 15.
Bb2 Nb4 16. Bb1 a5 17. a3 Nc6 18. Bd3 b4 19. a4 e6 20. Qe2 Nh5 21. Ba6 Qb6 22.
Bxb7 Qxb7 23. Qb5 Qa7 24. Nc4 Nxd4 25. Bxd4 Bxd4 26. Nxd4 Qxd4 27. Rad1 Qc5 28.
Qxc5 Rxc5 29. Rxd6 Nf6 30. f3 Rfc8 31. Red1 Kf8 32. Rd8+ Ke7 33. Rxc8 Rxc8 34.
Nxa5 e5 35. Nc4 Nd7 36. Rxd7+ Kxd7 37. Nb6+ Kc7 38. Nxc8 Kxc8 39. Kf2 Kc7 40.
Ke3 Kd6 41. g3 g5 42. f4 f6 43. fxg5 fxg5 44. Kd3 Kc5 45. a5 Kb5 46. a6 Kxa6
47. Kc4 Ka5 48. Kd5 Kb5 49. Kxe5 Kc5 50. Kf6 1-0

[Event "SVK 3.liga A2"]
[Site "?"]
[Date "2020.01.19"]
[Round "7.3"]
[White "Miciak, Emanuel"]
[Black "Spacek, Marcel"]
[Result "1/2-1/2"]
[WhiteElo "1825"]
[BlackElo "1868"]
[PlyCount "65"]
[EventDate "2019.10.06"]

1. d4 g6 2. c4 Bg7 3. e4 d6 4. Nc3 f5 5. f3 Nf6 6. Bd3 fxe4 7. Nxe4 O-O 8. Ne2
Nc6 9. O-O Nb4 10. Bb1 Be6 11. a3 Na6 12. Bd3 c6 13. Ng5 Bd7 14. Nf4 Nc7 15.
Re1 e5 16. dxe5 dxe5 17. Rxe5 Nh5 18. Nfe6 Nxe6 19. Nxe6 Bxe6 20. Rxe6 Qd4+ 21.
Be3 Qd7 22. Re4 Bxb2 23. Rb1 Bg7 24. Qb3 Nf6 25. Rd4 Qe8 26. Bf2 c5 27. Rh4 b6
28. Qc2 Qf7 29. Re1 Rad8 30. Be4 Rd7 31. Be3 Nxe4 32. Rxe4 Qf5 33. Qe2 1/2-1/2

[Event "SVK 3.liga A2"]
[Site "?"]
[Date "2020.01.19"]
[Round "7.3"]
[White "Hrdlicka, Martin"]
[Black "Curidlo, Jan"]
[Result "1-0"]
[WhiteElo "1813"]
[BlackElo "1803"]
[PlyCount "53"]
[EventDate "2019.10.06"]

1. e4 c5 2. Nf3 d6 3. d4 cxd4 4. Nxd4 a6 5. Nc3 e6 6. Bc4 Qc7 7. Bb3 Nf6 8. O-O
Be7 9. Kh1 O-O 10. f4 b5 11. a3 Nbd7 12. Bxe6 Bb7 13. Bxd7 Qxd7 14. e5 dxe5 15.
fxe5 Ne4 16. Nf5 Qe6 17. Qg4 g6 18. Nxe4 Bxe4 19. Nxe7+ Qxe7 20. Qxe4 Rac8 21.
Bd2 Rc4 22. Qe3 Qe6 23. Bc3 Rfc8 24. Rf3 Qg4 25. Raf1 R8c7 26. e6 Re4 27. exf7+
1-0

[Event "SVK 3.liga A2"]
[Site "?"]
[Date "2020.01.19"]
[Round "7.3"]
[White "Orvisky, Vladimir"]
[Black "Ulehla, Jakub"]
[Result "0-1"]
[WhiteElo "1707"]
[BlackElo "1775"]
[PlyCount "52"]
[EventDate "2019.10.06"]

1. c4 c5 2. Nf3 Nc6 3. Nc3 g6 4. g3 Bg7 5. Bg2 d6 6. d3 h5 7. Bd2 Bg4 8. h4 Qd7
9. Qa4 Nf6 10. Bg5 O-O 11. Nd5 Rfe8 12. Ne3 Nh7 13. Nxg4 hxg4 14. Nd2 Nxg5 15.
hxg5 Bxb2 16. Rb1 Bc3 17. Qb3 Bxd2+ 18. Kxd2 Qf5 19. Qxb7 Qxg5+ 20. e3 Nb4 21.
Qe4 Rab8 22. Rb2 Qf6 23. Kc1 Nxd3+ 24. Qxd3 Qxb2+ 25. Kd1 Qa1+ 26. Ke2 Rb2+ 0-1

[Event "SVK 3.liga A2"]
[Site "?"]
[Date "2020.01.19"]
[Round "7.3"]
[White "Sadlon, Matus"]
[Black "Musaev, Matej Elbek"]
[Result "1-0"]
[WhiteElo "1715"]
[BlackElo "1723"]
[PlyCount "117"]
[EventDate "2019.10.06"]

1. e4 c5 2. Nf3 d6 3. Bc4 Nf6 4. d3 a6 5. c3 b5 6. Bb3 Bb7 7. Bg5 e6 8. O-O Be7
9. Nbd2 O-O 10. Re1 h6 11. Bh4 Qc7 12. d4 e5 13. Rc1 Nbd7 14. Bg3 Rac8 15. Nh4
cxd4 16. Ng6 Rfe8 17. cxd4 Qxc1 18. Qxc1 Rxc1 19. Rxc1 Bxe4 20. Nxe4 Nxe4 21.
Rc8 Bd8 22. Bh4 Ndf6 23. Bxf6 gxf6 24. Bd5 exd4 25. f3 d3 26. fxe4 Bb6+ 27. Kf1
Rxc8 28. Ne7+ Kf8 29. Nxc8 Bc5 30. a3 a5 31. Ke1 Ke8 32. Kd2 Kd8 33. Bb7 Kc7
34. Ba6 Kd8 35. Kxd3 Kd7 36. b4 axb4 37. axb4 Bg1 38. h3 Bf2 39. Ke2 Bg1 40.
Kf3 Bd4 41. Kg4 Bg1 42. Kf5 Bd4 43. g4 Kc7 44. Ne7 Kb6 45. Bc8 Kc7 46. Kf4 Be5+
47. Ke3 Kd8 48. Nc6+ Kxc8 49. Na7+ Kb7 50. Nxb5 Kc6 51. Nd4+ Kc7 52. Nf5 Bb2
53. Kd2 Be5 54. Kd3 Bf4 55. Kc4 Kc6 56. b5+ Kb6 57. Kd5 Kc7 58. h4 Kb7 59.
Nxd6+ 1-0

[Event "SVK 3.liga A2"]
[Site "?"]
[Date "2020.01.19"]
[Round "7.4"]
[White "Nemsak, Denis"]
[Black "Horak, Ivan"]
[Result "1-0"]
[WhiteElo "2079"]
[BlackElo "2022"]
[PlyCount "43"]
[EventDate "2019.10.06"]

1. c4 e6 2. e4 d5 3. exd5 exd5 4. d4 Nf6 5. Bd3 c6 6. Ne2 Be7 7. O-O O-O 8.
Nbc3 Nbd7 9. Bf4 dxc4 10. Bxc4 Nb6 11. Bb3 Nbd5 12. Be5 Be6 13. h3 Qd7 14. Qd2
Rfe8 15. Rad1 Rad8 16. Rfe1 h6 17. Ng3 Bb4 18. Nge4 Nxe4 19. Rxe4 f6 20. Bg3
Nxc3 21. Rxe6 Nd5 22. Rxe8+ 1-0

[Event "SVK 3.liga A2"]
[Site "?"]
[Date "2020.01.19"]
[Round "7.4"]
[White "Sefcik, Marek"]
[Black "Brunovsky, Peter"]
[Result "1-0"]
[WhiteElo "1988"]
[BlackElo "1912"]
[PlyCount "151"]
[EventDate "2019.10.06"]

1. e4 c6 2. b3 d5 3. Bb2 dxe4 4. Nc3 Nf6 5. Nge2 Bf5 6. Ng3 Bg6 7. Qe2 e6 8.
Ngxe4 Nbd7 9. O-O-O Qa5 10. Kb1 O-O-O 11. h3 Ba3 12. g4 Kb8 13. Nxf6 Nxf6 14.
Bg2 Bxb2 15. Kxb2 Qc7 16. Rhe1 Nd5 17. Bxd5 cxd5 18. Qe5 Qxe5 19. Rxe5 h5 20.
g5 Rc8 21. d3 a6 22. h4 Rc7 23. Ne2 Rhc8 24. Nd4 Bf5 25. Rd2 f6 26. Re3 fxg5
27. hxg5 Ka7 28. Nxe6 Bxe6 29. Rxe6 Rf8 30. Re5 d4 31. g6 Rf6 32. Rxh5 Rxg6 33.
Rd5 Rg4 34. Re2 Rf4 35. f3 Rcf7 36. Re4 Rxf3 37. Rdxd4 Rg3 38. a4 Rg2 39. b4
Rc7 40. Rc4 Rxc4 41. Rxc4 b5 42. axb5 axb5 43. Rc5 Kb6 44. Re5 Rg6 45. Re7 Kc6
46. Kc3 Kb6 47. Kd4 Rc6 48. c3 g6 49. Rd7 Rf6 50. Ke5 Rf5+ 51. Ke4 Rf6 52. Rd5
Rc6 53. Kd4 Re6 54. Rd8 Rf6 55. Rb8+ Kc6 56. Ke5 Rf5+ 57. Ke4 Rf6 58. Re8 Rd6
59. Rc8+ Kb7 60. Rc5 Kb6 61. Rd5 Rc6 62. Kd4 Re6 63. Rd8 Rf6 64. Rg8 Rc6 65.
Rb8+ Ka6 66. c4 Rd6+ 67. Kc5 Rxd3 68. Rb6+ Ka7 69. Kxb5 Rg3 70. Rf6 Rg5+ 71. c5
Kb7 72. Rf7+ Kc8 73. Kc6 Kb8 74. Rg7 Rg1 75. b5 Ka8 76. b6 1-0

[Event "SVK 3.liga A2"]
[Site "?"]
[Date "2020.01.19"]
[Round "7.4"]
[White "Kocak, Branislav"]
[Black "Jakubec, Milan"]
[Result "1/2-1/2"]
[WhiteElo "1881"]
[BlackElo "1998"]
[PlyCount "31"]
[EventDate "2019.10.06"]

1. Nf3 d5 2. d4 Nf6 3. c4 e6 4. Nc3 c6 5. cxd5 exd5 6. Bg5 Nbd7 7. e3 Qa5 8.
Bxf6 Nxf6 9. Bd3 Bg4 10. Qb3 Qb4 11. Qxb4 Bxb4 12. Ne5 Be6 13. a3 Bd6 14. f4 g6
15. O-O Nd7 16. e4 1/2-1/2

[Event "SVK 3.liga A2"]
[Site "?"]
[Date "2020.01.19"]
[Round "7.4"]
[White "Zlamal, Marek"]
[Black "Kubis, Ivan"]
[Result "0-1"]
[WhiteElo "1873"]
[BlackElo "1863"]
[PlyCount "88"]
[EventDate "2019.10.06"]

1. e4 e5 2. Nf3 Nc6 3. Bb5 a6 4. Ba4 Nf6 5. d4 exd4 6. O-O Be7 7. Bxc6 dxc6 8.
e5 Nd5 9. Qxd4 O-O 10. b3 Bf5 11. a3 Bxc2 12. Qg4 Bg6 13. h4 f5 14. Qh3 f4 15.
h5 Bf5 16. Qh2 c5 17. Rd1 c6 18. Bxf4 Qe8 19. h6 Bxb1 20. Rxd5 cxd5 21. Rxb1
Qg6 22. Re1 gxh6 23. e6 Rf5 24. Ne5 Qxe6 25. Bxh6 Bf8 26. Qg3+ Kh8 27. Bd2 Bg7
28. Ng4 Qg6 29. f3 Re8 30. Rd1 h5 31. Qh4 Kg8 32. Ne3 Rg5 33. Ng4 Rf5 34. Ne3
Rfe5 35. Nf1 Re2 36. Ng3 Bd4+ 37. Kh1 Bf2 38. Qxh5 Qxg3 39. Qxd5+ R2e6 40. Bg5
Bd4 41. f4 Qg4 42. Rd3 Qh5+ 43. Rh3 Qd1+ 44. Kh2 Bg1+ 0-1

[Event "SVK 3.liga A2"]
[Site "?"]
[Date "2020.01.19"]
[Round "7.4"]
[White "Kanka, Tomas"]
[Black "Stehlik, Jan"]
[Result "1/2-1/2"]
[WhiteElo "1755"]
[BlackElo "1666"]
[PlyCount "120"]
[EventDate "2019.10.06"]

1. e4 e6 2. c4 d5 3. cxd5 exd5 4. exd5 Qxd5 5. Nc3 Qe6+ 6. Be2 Nf6 7. Nf3 Be7
8. O-O O-O 9. d4 c6 10. Re1 Re8 11. Bf4 h6 12. Bd3 Qg4 13. Bg3 Nbd7 14. Qc2 Nb6
15. h3 Qd7 16. Rad1 Bd6 17. Ne5 Qc7 18. Ne4 Nxe4 19. Bxe4 Be6 20. Kh2 f6 21.
Bh7+ Kh8 22. Ng6+ Kxh7 23. Nf8+ Kg8 24. Nxe6 Bxg3+ 25. fxg3 Qf7 26. Nc5 Rad8
27. Rxe8+ Rxe8 28. b3 Re7 29. Qf5 Qd5 30. Qd3 Nc8 31. Rd2 Nd6 32. Rc2 Kf7 33.
Na4 Re4 34. Rd2 Nb5 35. Nc3 Nxc3 36. Qxc3 Re7 37. Qc2 Rd7 38. b4 b6 39. a3 c5
40. bxc5 bxc5 41. Re2 cxd4 42. Qc8 Re7 43. Rxe7+ Kxe7 44. Qc7+ Qd7 45. Qc5+ Kf7
46. Qc4+ Kf8 47. h4 d3 48. Qc5+ Kg8 49. Qc4+ Kh8 50. Qc1 d2 51. Qd1 Qd3 52. h5
f5 53. Qa4 Qe4 54. Qd7 Qe1 55. Qc8+ Kh7 56. Qxf5+ Kg8 57. Qc8+ Kf7 58. Qd7+ Kf8
59. Qd8+ Kf7 60. Qd7+ Kf6 1/2-1/2

[Event "SVK 3.liga A2"]
[Site "?"]
[Date "2020.01.19"]
[Round "7.4"]
[White "Svrcek, Daniel"]
[Black "Kastler, Peter"]
[Result "0-1"]
[WhiteElo "1498"]
[BlackElo "1681"]
[PlyCount "118"]
[EventDate "2019.10.06"]

1. e4 e6 2. d4 d5 3. exd5 Qxd5 4. Nf3 Nf6 5. Bd3 Be7 6. c4 Qd8 7. O-O b6 8. b3
Bb7 9. Bb2 O-O 10. Nbd2 Nbd7 11. Qc2 g6 12. Rfe1 Rc8 13. Rad1 c5 14. dxc5 Nxc5
15. Be4 Qc7 16. Bxb7 Qxb7 17. Bxf6 Bxf6 18. Ne5 Rfd8 19. Ndf3 Qc7 20. Nd3 Nxd3
21. Rxd3 Rxd3 22. Qxd3 Rd8 23. Qe2 Qd6 24. h3 Kg7 25. Ne5 Bxe5 26. Qxe5+ Qxe5
27. Rxe5 Rd1+ 28. Kh2 Rd2 29. a4 Rxf2 30. a5 Rf5 31. axb6 axb6 32. Rxf5 gxf5
33. Kg3 Kf6 34. Kf4 e5+ 35. Ke3 Ke6 36. b4 f4+ 37. Ke4 f5+ 38. Kf3 h5 39. g3
fxg3 40. Kxg3 e4 41. Kf4 Kd6 42. h4 Ke6 43. Ke3 Ke5 44. Ke2 Kd4 45. c5 bxc5 46.
b5 Kd5 47. Ke3 c4 48. b6 Kc6 49. b7 Kxb7 50. Kd4 Kc6 51. Kxc4 Kd6 52. Kd4 Ke6
53. Ke3 Ke5 54. Ke2 f4 55. Kf2 Kd4 56. Ke2 Kc3 57. Kd1 Kd3 58. Ke1 f3 59. Kf1
Kd2 0-1

[Event "SVK 3.liga A2"]
[Site "?"]
[Date "2020.01.19"]
[Round "7.4"]
[White "Zajicek, Ferdinand"]
[Black "Datko, Jan"]
[Result "1-0"]
[WhiteElo "1707"]
[BlackElo "1286"]
[PlyCount "85"]
[EventDate "2019.10.06"]

1. e4 e5 2. Nf3 Nc6 3. Bc4 Bc5 4. d3 Nf6 5. h3 O-O 6. O-O d6 7. a3 a6 8. Be3
Bxe3 9. fxe3 Qe7 10. Nc3 Be6 11. Ba2 Bxa2 12. Rxa2 Qd7 13. Qe1 Ne7 14. Qg3 c6
15. Raa1 b5 16. Nh4 Ng6 17. Rf5 Ne7 18. Rxf6 Ng6 19. Nxg6 fxg6 20. Rxf8+ Rxf8
21. Rf1 Qe7 22. Rxf8+ Qxf8 23. Qg4 Qe8 24. Nb1 h6 25. Nd2 g5 26. Nf3 c5 27. h4
gxh4 28. Nxh4 Kh7 29. Qf5+ g6 30. Qf6 c4 31. Qxd6 cxd3 32. cxd3 a5 33. Nf3 a4
34. Nxe5 h5 35. Qd7+ Qxd7 36. Nxd7 Kg7 37. e5 Kf7 38. Nc5 Ke7 39. d4 g5 40. d5
h4 41. g3 h3 42. g4 Kd8 43. d6 1-0

[Event "SVK 3.liga A2"]
[Site "?"]
[Date "2020.01.19"]
[Round "7.4"]
[White "Sefcik, Oliver"]
[Black "Mraz, Jan"]
[Result "1/2-1/2"]
[WhiteElo "1173"]
[BlackElo "1657"]
[PlyCount "93"]
[EventDate "2019.10.06"]

1. e4 b6 2. d4 Bb7 3. Nc3 e6 4. a3 g6 5. f4 Bg7 6. Nf3 d6 7. Be3 Ne7 8. Be2 Nd7
9. Qd2 Nf6 10. e5 dxe5 11. fxe5 Ng4 12. Bg5 f6 13. Qf4 fxg5 14. Qxg4 h6 15.
O-O-O Qd7 16. Bc4 Nf5 17. Rhe1 h5 18. Qxg5 Bh6 19. Qxh6 Rxh6 20. Ng5 Ng7 21. g3
Bd5 22. Bd3 O-O-O 23. Rf1 Nf5 24. Rfe1 Rhh8 25. Ne2 Qe7 26. Nh3 Bf3 27. Nhf4
Rhg8 28. Bc4 Bd5 29. Nxd5 exd5 30. Bb3 Rgf8 31. Nf4 Qg5 32. Kb1 Rfe8 33. Bxd5
Rxd5 34. Nxd5 Re6 35. Nf4 Re8 36. d5 Ng7 37. e6 Nf5 38. Re5 Qf6 39. Rde1 Nd6
40. R5e3 Nc4 41. Rc3 b5 42. Rd1 Nd6 43. h4 Re7 44. Re3 Nc4 45. Rb3 Nd6 46. Re3
Nf5 47. Red3 1/2-1/2

[Event "SVK 3.liga A2"]
[Site "?"]
[Date "2020.01.19"]
[Round "7.5"]
[White "Szitasi, Janos"]
[Black "Lanc, Alois"]
[Result "0-1"]
[WhiteElo "1995"]
[BlackElo "2286"]
[PlyCount "90"]
[EventDate "2019.10.06"]

1. e4 c5 2. Nf3 Nc6 3. d4 cxd4 4. Nxd4 Nf6 5. Nc3 d6 6. Bc4 e6 7. O-O a6 8. a3
Be7 9. Be3 O-O 10. Qe2 Bd7 11. Nxc6 Bxc6 12. f3 b5 13. Bb3 Qb8 14. Qf2 Qb7 15.
Ne2 Rfe8 16. Nd4 Bd7 17. Rad1 a5 18. Qe1 Reb8 19. Bd2 Bf8 20. Kh1 Qc7 21. c3
Qb6 22. Be3 Qb7 23. Bd2 g6 24. Qh4 Bg7 25. Bc2 Rc8 26. Bb1 Rc5 27. Qg3 Qb8 28.
Nb3 Rc8 29. Bg5 Ne8 30. Bf4 b4 31. axb4 axb4 32. Bxd6 Nxd6 33. Rxd6 Ba4 34. Nd2
bxc3 35. bxc3 Rxc3 36. Ra6 Bb5 37. Rxa8 Qxa8 38. Re1 Qc8 39. h3 Bd4 40. e5 Rc1
41. Nb3 Rxe1+ 42. Qxe1 Bc3 43. Qe3 Qc4 44. Ba2 h5 45. Qg5 Qe2 0-1

[Event "SVK 3.liga A2"]
[Site "?"]
[Date "2020.01.19"]
[Round "7.5"]
[White "Arendas, Marek"]
[Black "Kalmar, Tamas"]
[Result "1/2-1/2"]
[WhiteElo "2110"]
[BlackElo "2060"]
[PlyCount "37"]
[EventDate "2019.10.06"]

1. e4 e6 2. d4 d5 3. exd5 exd5 4. Bd3 Bd6 5. Ne2 Nf6 6. Bg5 Bg4 7. f3 Bh5 8.
Nbc3 c6 9. Qd2 Nbd7 10. O-O-O Bg6 11. Bxg6 hxg6 12. Rde1 Kf8 13. Bf4 Qc7 14.
Bxd6+ Qxd6 15. Qf4 Qxf4+ 16. Nxf4 Re8 17. h3 Nh5 18. Nxh5 gxh5 19. h4 1/2-1/2

[Event "SVK 3.liga A2"]
[Site "?"]
[Date "2020.01.19"]
[Round "7.5"]
[White "Szitkey, Milan"]
[Black "Vegh, Vince"]
[Result "1-0"]
[WhiteElo "2043"]
[BlackElo "1917"]
[PlyCount "55"]
[EventDate "2019.10.06"]

1. e4 c5 2. Nf3 Nc6 3. c3 d5 4. exd5 Qxd5 5. d4 Bg4 6. Be2 e6 7. O-O Nf6 8. h3
Bh5 9. Be3 Rd8 10. g4 cxd4 11. cxd4 Bg6 12. Nc3 Qd7 13. Ne5 Qc7 14. Qa4 Nd7 15.
Nb5 Qb8 16. Nxc6 bxc6 17. Nxa7 Be4 18. Nxc6 Qxb2 19. Bb5 Bxc6 20. Bxc6 Qa3 21.
Qb5 Be7 22. d5 Qb4 23. dxe6 fxe6 24. Rfd1 Qxb5 25. Bxb5 Bf6 26. Rac1 Ke7 27.
Rc7 Be5 28. Bg5+ 1-0

[Event "SVK 3.liga A2"]
[Site "?"]
[Date "2020.01.19"]
[Round "7.5"]
[White "Fekete, Robert"]
[Black "Kolenak, Matus"]
[Result "0-1"]
[WhiteElo "1881"]
[BlackElo "1992"]
[PlyCount "141"]
[EventDate "2019.10.06"]

1. e4 c5 2. Nf3 Nc6 3. c3 d5 4. exd5 Qxd5 5. h3 e5 6. d3 Bf5 7. Nh4 Be6 8. Qf3
O-O-O 9. Qxd5 Bxd5 10. Be3 f6 11. Nd2 g5 12. Nhf3 b6 13. O-O-O Nge7 14. Be2 Bg7
15. Nb3 h6 16. Rhg1 f5 17. g3 Rd7 18. d4 cxd4 19. cxd4 e4 20. Nfd2 Nb4 21. a3
Nd3+ 22. Kb1 Kb7 23. f3 Nc6 24. fxe4 fxe4 25. Nxe4 Bxb3 26. Rxd3 Bc4 27. Rd2
Bxe2 28. Rxe2 Re8 29. Bf2 Kb8 30. g4 Bxd4 31. Rd1 Rde7 32. Bxd4 Rxe4 33. Rxe4
Rxe4 34. Bg7 Re6 35. Rd3 Kc7 36. Rf3 Ne7 37. Kc2 Kd6 38. Bf8 Kd5 39. Kd3 Ng6
40. Bg7 Nf4+ 41. Kd2 Rg6 42. Bc3 Re6 43. Re3 Rd6 44. Be5 Rc6 45. Bxf4 gxf4 46.
Rc3 Re6 47. Rd3+ Kc5 48. h4 Rg6 49. b4+ Kc4 50. h5 Rxg4 51. Rd6 Kb3 52. Rxh6
Kxa3 53. Kc3 Ka4 54. Rf6 Rh4 55. h6 Kb5 56. Rf5+ Kc6 57. h7 Rxh7 58. Rxf4 Kb5
59. Rf5+ Ka4 60. Rf4 Rc7+ 61. Kb2 b5 62. Rg4 Rc4 63. Rg7 Rxb4+ 64. Kc3 Rc4+ 65.
Kb2 a5 66. Rg1 b4 67. Ka1 Rc2 68. Rb1 Ka3 69. Rb2 Rc1+ 70. Rb1 Rxb1+ 71. Kxb1
0-1

[Event "SVK 3.liga A2"]
[Site "?"]
[Date "2020.01.19"]
[Round "7.5"]
[White "Mosny, Jaroslav"]
[Black "Meszaros, Lorant"]
[Result "1/2-1/2"]
[WhiteElo "1892"]
[BlackElo "1921"]
[PlyCount "45"]
[EventDate "2019.10.06"]

1. d4 f5 2. g3 Nf6 3. Bg2 g6 4. Nf3 Bg7 5. O-O O-O 6. c4 d6 7. Nc3 Qe8 8. Qc2
e5 9. dxe5 dxe5 10. e4 Nc6 11. Be3 Nxe4 12. Nxe4 fxe4 13. Qxe4 Bf5 14. Qd5+ Kh8
15. Ng5 Nd8 16. Rad1 c6 17. Qd2 h6 18. Ne4 Nf7 19. Qe2 Qe6 20. Nc5 Qe7 21. Ne4
Qe6 22. Nc5 Qe7 23. Ne4 1/2-1/2

[Event "SVK 3.liga A2"]
[Site "?"]
[Date "2020.01.19"]
[Round "7.5"]
[White "Szocs, Ladislav"]
[Black "Klanica, Anton"]
[Result "0-1"]
[WhiteElo "1779"]
[BlackElo "1803"]
[PlyCount "74"]
[EventDate "2019.10.06"]

1. Nf3 Nf6 2. g3 c6 3. Bg2 d5 4. O-O g6 5. d4 Bg7 6. c4 O-O 7. Nc3 Bg4 8. Ne5
dxc4 9. Nxc4 Qc8 10. Ne5 Bh3 11. d5 Bxg2 12. Kxg2 Rd8 13. Qb3 cxd5 14. Rd1 e6
15. Bg5 Re8 16. Rac1 Nc6 17. Nb5 Ne4 18. Nxc6 bxc6 19. Be3 a6 20. Na7 Qd7 21.
Nxc6 Nd6 22. f4 Nc4 23. Rxc4 Rec8 24. Qb6 Qe8 25. Rcc1 Qd7 26. Ne5 Qa4 27. Qb7
Rf8 28. Qb3 Qe4+ 29. Kf2 Qf5 30. g4 Qf6 31. Nd7 Qh4+ 32. Kf1 Qh3+ 33. Ke1 Rfd8
34. Nc5 Rab8 35. Qa3 Qxh2 36. Kd2 d4 37. Bg1 Qxf4+ 0-1

[Event "SVK 3.liga A2"]
[Site "?"]
[Date "2020.01.19"]
[Round "7.5"]
[White "Bahna, Jan"]
[Black "Both, Lajos"]
[Result "1-0"]
[WhiteElo "1789"]
[BlackElo "1701"]
[PlyCount "83"]
[EventDate "2019.10.06"]

1. e4 c5 2. Nc3 Nc6 3. g3 g6 4. Bg2 Bg7 5. d3 d6 6. Nge2 e5 7. Be3 Nf6 8. h3
O-O 9. Qd2 Nd4 10. Nd1 Nxe2 11. Qxe2 b5 12. Qd2 a5 13. Bh6 b4 14. O-O Be6 15.
Bxg7 Kxg7 16. f4 Nh5 17. Kh2 Rb8 18. f5 Bd7 19. Bf3 Nf6 20. Ne3 Bc6 21. Qg2 g5
22. h4 h6 23. hxg5 hxg5 24. Qd2 Rh8+ 25. Kg2 Ng8 26. Rh1 Rxh1 27. Rxh1 Nh6 28.
Kg1 f6 29. Qh2 Qh8 30. Bh5 a4 31. Bg6 b3 32. axb3 axb3 33. c3 Ra8 34. Kf2 c4
35. Qh5 cxd3 36. Bf7 Qh7 37. Bd5 Be8 38. Qd1 Ra2 39. Qxb3 Ra7 40. Kg2 Ba4 41.
Qb6 Rd7 42. b3 1-0

[Event "SVK 3.liga A2"]
[Site "?"]
[Date "2020.01.19"]
[Round "7.6"]
[White "Jozefek, Michal"]
[Black "Sebesta, Radovan"]
[Result "1-0"]
[WhiteElo "2224"]
[BlackElo "2000"]
[PlyCount "113"]
[EventDate "2019.10.06"]

1. d4 Nf6 2. c4 e6 3. g3 d5 4. Nf3 Be7 5. Bg2 O-O 6. O-O dxc4 7. Ne5 Nbd7 8.
Nxc4 c6 9. Qc2 Re8 10. Rd1 Nb6 11. b3 Bd7 12. Na5 Qc8 13. e4 Rd8 14. Bf4 Be8
15. a3 c5 16. Qb2 cxd4 17. Rxd4 Qc5 18. Rxd8 Rxd8 19. b4 Rd1+ 20. Bf1 Qh5 21.
Nc3 Ng4 22. h4 Rxa1 23. Qxa1 e5 24. Bd2 Qg6 25. f3 Nf6 26. Kh2 Nh5 27. Qe1 Qf6
28. Bg5 Qd6 29. Nxb7 Qc7 30. Bxe7 Qxe7 31. Nc5 Nf6 32. Qd2 Qc7 33. Bb5 h6 34.
Bxe8 Nxe8 35. Qd3 Nf6 36. Nb5 Qe7 37. Qd6 Qxd6 38. Nxd6 Kf8 39. a4 Ke7 40. Nf5+
Kf8 41. Ne3 g6 42. a5 Nc8 43. Nc4 Ke7 44. Nxe5 Ne8 45. Kg2 Nc7 46. Kf2 Nb5 47.
Ke3 Ncd6 48. Kd3 g5 49. hxg5 hxg5 50. Nc6+ Ke8 51. e5 Nf5 52. g4 Ne7 53. Nxe7
Kxe7 54. Kc4 Nc7 55. b5 Kd8 56. b6 axb6 57. axb6 1-0

[Event "SVK 3.liga A2"]
[Site "?"]
[Date "2020.01.19"]
[Round "7.6"]
[White "Palka, Miroslav"]
[Black "Koutny, Petr"]
[Result "0-1"]
[WhiteElo "1860"]
[BlackElo "2233"]
[PlyCount "65"]
[EventDate "2019.10.06"]

1. c4 c6 2. g3 d5 3. cxd5 cxd5 4. Nf3 Nf6 5. Bg2 Nc6 6. d4 g6 7. O-O Bg7 8. Ne5
O-O 9. Nxc6 bxc6 10. Nc3 Bf5 11. b3 Qa5 12. Na4 Nd7 13. Ba3 Rfe8 14. Rc1 Rac8
15. e3 e5 16. Bc5 Nb6 17. Nc3 Nd7 18. Na4 Qa6 19. Qd2 Bd3 20. Rfd1 Bb5 21. Bf1
Qb7 22. Nb2 Nxc5 23. Rxc5 Bxf1 24. Rxf1 exd4 25. exd4 Re4 26. Re1 Qe7 27. Rcc1
Re8 28. Rxe4 Qxe4 29. Rd1 Qf3 30. Re1 Rxe1+ 31. Qxe1 Bxd4 32. Na4 h5 33. h4 0-1

[Event "SVK 3.liga A2"]
[Site "?"]
[Date "2020.01.19"]
[Round "7.6"]
[White "Kucharek, Jaroslav"]
[Black "Skapikova, Lubica"]
[Result "1-0"]
[WhiteElo "2053"]
[BlackElo "1840"]
[PlyCount "97"]
[EventDate "2019.10.06"]

1. e4 e5 2. Nc3 Nc6 3. Nf3 Nf6 4. Bb5 d6 5. d4 exd4 6. Qxd4 Bd7 7. Bxc6 bxc6 8.
Bg5 Be7 9. O-O O-O 10. Rfe1 Be6 11. Rad1 Nd7 12. Bxe7 Qxe7 13. Qe3 f6 14. Nd4
Ne5 15. f4 Nc4 16. Qc1 Qd7 17. b3 Nb6 18. h3 c5 19. Nxe6 Qxe6 20. Nb5 Qf7 21.
c4 a6 22. Nc3 Rae8 23. Qa3 Ra8 24. Qa5 h6 25. Rd2 Rfe8 26. Rde2 Re6 27. Nd5
Nxd5 28. cxd5 Ree8 29. Qd2 Rad8 30. Qd3 a5 31. Qb5 f5 32. Qxa5 fxe4 33. Qd2 Qf5
34. g4 Qf6 35. Rxe4 Rxe4 36. Rxe4 Ra8 37. Kg2 Rf8 38. Kg3 Qa1 39. Kg2 Ra8 40.
Re2 Qf6 41. Qe3 Qf7 42. Kg3 Rf8 43. f5 h5 44. Qe7 h4+ 45. Kf3 Qxe7 46. Rxe7 Ra8
47. g5 Rxa2 48. Re8+ Kh7 49. g6+ 1-0

[Event "SVK 3.liga A2"]
[Site "?"]
[Date "2020.01.19"]
[Round "7.6"]
[White "Huska, Branislav"]
[Black "Hrubsa, Marian"]
[Result "0-1"]
[WhiteElo "1857"]
[BlackElo "1847"]
[PlyCount "46"]
[EventDate "2019.10.06"]

1. e4 e6 2. d4 d5 3. Nd2 Nf6 4. e5 Nfd7 5. Bd3 c5 6. c3 Nc6 7. Ne2 cxd4 8. cxd4
f6 9. exf6 Nxf6 10. O-O Bd6 11. Nf3 O-O 12. Bf4 Bxf4 13. Nxf4 Ne4 14. Nh5 Ng5
15. Nxg5 Qxg5 16. Ng3 Qh4 17. Ne2 Rf6 18. Rc1 Bd7 19. Bb1 Rh6 20. h3 e5 21.
dxe5 Bxh3 22. Qxd5+ Be6 23. Bxh7+ Kh8 0-1

[Event "SVK 3.liga A2"]
[Site "?"]
[Date "2020.01.19"]
[Round "7.6"]
[White "Suran, Jakub"]
[Black "Lanik, Miroslav"]
[Result "1/2-1/2"]
[WhiteElo "1754"]
[BlackElo "1856"]
[PlyCount "50"]
[EventDate "2019.10.06"]

1. c4 Nf6 2. Nc3 e5 3. g3 c6 4. d4 exd4 5. Qxd4 d5 6. Nf3 dxc4 7. Qxd8+ Kxd8 8.
e3 Bc5 9. Bxc4 Ke7 10. O-O Bg4 11. Ne5 Be6 12. Bxe6 fxe6 13. Nd3 Bd6 14. e4
Nbd7 15. Be3 Ne5 16. Nxe5 Bxe5 17. Bc5+ Kf7 18. f3 Rhd8 19. Rad1 Nd7 20. Bd6
Bxd6 21. Rxd6 Ke7 22. Rfd1 Ne5 23. Rxd8 Rxd8 24. Rxd8 Kxd8 25. Kg2 Nd3 1/2-1/2